000 00391cam a2200157ua 4500
041 _aeng
_h
082 _a824
_bARN/ES
100 _aArnold, Matthew.
245 _aEssays letters and reviews /
_cMatthew Arnold.
_hTextual Documents
250 _a1 /
_b.
260 _aLondon :
_bHarward University Press ,
_c1960.
300 _a398 ; .
504 _a
942 _cBK
999 _c7586
_d7586